ICC Men’s T20 World Cup 2026 Pakistan Squad - Statistics

General Stats
  • This quiz has been taken 5 times
  • The average score is 10 of 15
Answer Stats
Role Answer % Correct
Batter Babar Azam
100%
Allrounder Salman Ali Agha
100%
Spinner Abrar Ahmed
80%
Fast Bowler Naseem Shah
80%
Batter Sahibzada Farhan
80%
Allrounder Saim Ayub
80%
Allrounder Shadab Khan
80%
Fast Bowler Shaheen Shah Afridi
80%
WicketkeeperBatsman Usman Khan
80%
Spinner Usman Tariq
80%
Allrounder Mohammed Nawaz
60%
Allrounder Faheem Ashraf
40%
WicketkeeperBatsman Khawaja Nafay
40%
Fast Bowler Salman Mirza
40%
Batter Fakhar Saman
20%
No matching quizzes found
Score Distribution
Percent of People with Each Score
Percentile by Number Answered
Your Score History
You have not taken this quiz